00325nam a2200109Ia 4500008004000000082001300040100003700053245005900090260003600149300001000185650002000195210210b2000 xxu||||| |||| 00| 0 eng d a509 VOIH aVOICE OF AMERICA forum lectures. aHistory of science and its study in the United States. aAmericabVoice of Americac2000 a8.... aHistory science